Brésil 0 - 3 France (CdM 1998) - Statistiques

Statistiques générales
  • Ce quiz a été pris 122 fois
    36 depuis la dernière actualisation
  • Le résultat moyen est 16 sur 29
Statistiques - réponses
Poste Club/Pays Joueur % Correct
Avant-centre Inter Ronaldo
100%
Gardien de but AS Monaco Fabien Barthez
97%
Milieu offensif Juventus Zinédine Zidane
97%
Latéral gauche FC Bayern München Bixente Lizarazu
94%
Milieu défensif Juventus Didier Deschamps
90%
Latéral droit AC Parma Lilian Thuram
90%
Latéral gauche Real Madrid CF Roberto Carlos
90%
Défenseur central AC Milan Marcel Desailly
87%
Avant-centre Inter Youri Djorkaeff
87%
Milieu gauche Arsenal FC Emmanuel Petit
84%
Milieu défensif remplaçant (74') Arsenal FC Patrick Vieira
84%
Coach Aimé Jacquet
74%
Défenseur central Chelsea FC Frank Lebœuf
74%
Latéral droit AS Roma Cafu
68%
Avant-centre remplaçant (66') Olympique de Marseille Christophe Dugarry
68%
Milieu offensif FC Barcelona Rivaldo
68%
Milieu droit Real Madrid CF Christian Karembeu
61%
Avant-centre Newcastle United FC Stéphane Guivarc'h
55%
Milieu droit remplaçant (57') AC Parma Alain Boghossian
35%
Avant-centre Botafogo FR Bebeto
29%
Gardien de but Clube Atlético Mineiro Cláudio Taffarel
23%
Milieu défensif Júbilo Iwata Dunga
19%
Milieu offensif AC Milan Leonardo
13%
Défenseur central AS Roma Aldair
10%
Milieu défensif Yokohama Flügels César Sampaio
10%
Ailier gauche remplaçant (46') São Paulo FC Denílson
10%
Coach Mário Zagallo
10%
Avant-centre remplaçant (73') ACF Fiorentina Edmundo
6%
Défenseur central CR Flamengo Júnior Baiano
6%
Aucun quiz correspondant
Distribution des résultats
% des personnes avec chaque résultat
Percentile par nombre de réponses
Votre historique - résultats
Vous n’avez pas pris ce quiz depuis la dernière actualisation